| 000 | 00789 a2200241 4500 | ||
|---|---|---|---|
| 999 |
_c2953 _d2953 |
||
| 020 | _a177905095X | ||
| 020 | _a1779051018 (cover) | ||
| 050 | 0 | 0 | _aJQ2720 GOV 1998 |
| 100 | _aMandaza, Ibbo | ||
| 245 | 0 | 0 |
_aGovernance and human development in southern in Africa / _cIbbo Mandaza, editor. |
| 264 |
_aHarare _bSAPES _c1998 |
||
| 300 | _axiv, 231 p. ; | ||
| 440 | 0 | _aSouthern Africa specialised studies series | |
| 500 | _a"Selected essays"--Cover. | ||
| 500 | _a"SAPES Trust"--P. [4] of cover. | ||
| 504 | _aIncludes bibliographical references. | ||
| 650 | 0 | _aCivil society | |
| 650 | 0 | _aHuman services | |
| 651 | 0 | _aAfrica, Southern | |
| 700 | 1 | _aMandaza, Ibbo. | |
| 942 |
_2lcc _cBK _h2720 _iGOV _kJQ |
||